Statistics for Name all JoJo’s Bizarre Adventure Stands Part 1-7

Click here to take the quiz!

General Stats

  • This quiz has been taken 321 times
  • The average score is 66 of 157

Answer Stats

Stand UserStand% Correct
Jotaro KujoStar Platinum
97%
Joseph JoestarHermit Purple
92%
Alternate Diego BrandoTHE WORLD
89%
Dio BrandoThe World
89%
Muhammad AvdolMagicians Red
88%
Jean Pierre PolnareffSilver Chariot
85%
Noriaki KakyoinHierophant Green
82%
IggyThe Fool
77%
Yoshikage KiraKiller Queen
73%
Okuyasu NijimuraThe Hand
72%
Koichi HiroseEchoes
71%
DiavoloKing Crimson
71%
Josuke HigashikataCrazy Diamond
70%
Vanilla IceCream
70%
Bruno BucciaratiSticky Fingers
67%
Rohan KishibeHeaven’s Door
66%
Jolyne CujohStone Free
66%
Giorno GiovannaGold Experience
65%
Guido MistaSex Pistols
65%
Enrico PucciWhitesnake
65%
Pannacotta FugoPurple Haze
64%
Jean Pierre PolnareffSilver Chariot Requiem
64%
Narancia GhirgaAerosmith
63%
Enrico PucciMade in Heaven
63%
Leone AbbacchioMoody Blues
63%
Hol HorseEmperor
62%
Giorno GiovannaGold Experience Requiem
62%
Trish UnaSpice Girl
62%
Enrico PucciC-Moon
60%
F.F.Foo Fighters
59%
Jotaro KujoStar Platinum: The World
59%
Yoshikage KiraBites The Dust
58%
Risotto NeroMetallica
58%
Ermes CostelloKiss
57%
Yoshikage KiraSheer Heart Attack
57%
Gray FlyTower of Gray
56%
Shigekiyo “Shigechi” YanguHarvest
55%
Steely DanLovers
54%
Narciso AnasuiDiver Down
53%
CioccolataGreen Day
53%
Enya the HagJustice
53%
Caravan Serai/Khan/ChakaAnubis
52%
Akira OtoishiRed Hot Chili Pepper
51%
Keicho NijimuraBad Company
50%
PesciBeach Boy
50%
Funny ValentineDirty Deeds Done Dirt Cheap
50%
Domenico PucciWeather Report
50%
NenaEmpress
49%
J. GeilHanged Man
49%
Arabia FatsSun
49%
Diego Brando | Dr. FerdinandScary Monsters
48%
PolpoBlack Sabbath
47%
Aya TsujiCinderella
47%
Vinegar DoppioEpitaph
47%
Coco JumboMr. President
47%
MariahBastet
46%
Yukako YamagishiLove Deluxe
46%
ForeverStrength
46%
Imposter Captain TennilleDark Blue Moon
45%
IllusoMan in the Mirror
45%
Tonio TrussardiPearl Jam
45%
GhiaccioWhite Album
45%
Mikitaka HazekuraEarth, Wind and Fire
44%
ProsciuttoThe Grateful Dead
44%
Yuya FungamiHighway Star
43%
ZZWheel of Fortune
43%
Rubber SoulYellow Temperance
43%
Gyro ZeppeliBall Breaker
42%
CarneNotorious B.I.G
42%
MeloneBaby Face
41%
N’DoulGeb
41%
FormaggioLittle Feet
40%
Anjuro “Angelo” KatagiriAqua Necklace
39%
Mannish BoyDeath Thirteen
39%
Koichi HiroseEchoes Act Two
39%
Daniel J. D’arbyOsiris
39%
Bug-Eaten | Not Bug-EatenRatt
39%
Tamami KobayashiThe Lock
39%
Koichi HiroseEchoes Act Three
38%
SeccoOasis
38%
TamaStray Cat
38%
UngaloBohemian Rhapsody
37%
Emporio AlninoBurning Down the House
37%
GwessGoo Goo Dolls
37%
Pet ShopHorus
37%
CameoJudgement
37%
Yoshihiro KiraAtom Heart Father
36%
MidlerHigh Priestess
36%
Shizuka JoestarAchtung Baby
35%
Thunder McQueenHighway to Hell
35%
SqualoClash
34%
Koichi HiroseEchoes Act One
34%
PocolocoHey Ya!
34%
OingoKhnum
34%
Toyohiro KanedaichiSuper Fly
34%
TizianoTalking Head
34%
Donatello VersusUnder World
34%
Telence T. D’arbyAtum
33%
Ken OyanagiBoy II Man
33%
Masazo KinotoCheap Trick
33%
Hot PatsCream Starter
33%
Devo the CursedEbony Devil
33%
Toshikazu HazamadaSurface
33%
Johnny JoestarTusk Act Four
33%
Johnny JoestarTusk Act One
33%
Johnny JoestarTusk Act Three
33%
Johnny JoestarTusk Act Two
33%
Terunosuke MiyamotoEnigma
32%
SaleKraft Work
32%
ScolippiRolling Stone
32%
Sports MaxxLimp Bizkit
31%
Johngalli A.Manhattan Transfer
31%
Kenny G.Tenore Sax
31%
BlackmoreCatch the Rainbow
30%
KenzouDragon’s Dream
30%
Holy KujoHoly’s Stand
30%
Jonathan JoestarJonathan’s Stand
30%
Lucy SteelTicket to Ride
30%
BoingoTohth
30%
The Green BabyGreen, Green Grass of Home
29%
AlessiSethan
29%
Mario ZuccheroSoft Machine
29%
GuccioSurvivor
29%
Miuccia MiullerJail House Lock
28%
MiraschonMarilyn Manson
28%
D an GYo-Yo Ma
28%
D-I-S-C-OChocolate Disco
27%
Ringo RoadagainMandom
25%
RikielSky High
25%
Axl ROCivil War
24%
Mountain TimOh! Lonesome Me
24%
SandmanIn A Silent Way
23%
Lang RanglerJumpin’ Jack Flash
23%
Viviano WestwoodPlanet Waves
23%
Funny ValentineD4C-Love Train
22%
Mike O.Tubular Bells
21%
Pork Pie Hat KidWired
20%
Magent Magent20th Century Boy
19%
Natural Resources WorkerNatural Resources Worker’s Stand
18%
Eleven MenTatoo You!
18%
Emporio’s MotherEmporio’s Mother’s Stand
17%
GelatoGelato’s Stand
17%
SorbetSorbet’s Stand
17%
Father NijimuraFather Nijimura’s Stand
16%
Narancia GhirgaMr. Smith
13%
OyecomovaBoku no Rhythm wo Kiitekure
12%
Benjamin BoomboomTomb of the Boom 1
12%
Andre BoomboomTomb of the Boom 2
11%
L.A. BoomboomTomb of the Boom 3
11%
Alternate Hot PantsAlternate Hot Pants’ Stand
10%
Enrico Pucci/F.F.Boiling Water Stand
10%
Emerald SearcherEmerald Searcher’s Stand
9%
Alternate Johnny JoestarAlternate Johnny’s Stand
8%
Sugar Mountain/Giant TreeSugar Mountain’s Spring
7%
Enrico PucciStand Collection
6%

Score Distribution

Percentile by Number Answered

Percent of People with Each Score

Your Score History

You have not taken this quiz